| 000 | 00798cab a22001935a 4500 | ||
|---|---|---|---|
| 001 | L141482 | ||
| 008 | 071127e20071108xxkeo f 000 0 eng d | ||
| 035 | _a(Sirsi) u141482 | ||
| 041 | 0 | _aeng | |
| 100 | 1 | _aKolb, Jaffer | |
| 245 | 0 | 0 |
_aNext stop _bEbbsfleet |
| 260 | _c2007 | ||
| 490 | 0 |
_aArchitects' Journal _v226(17) 8 November 2007, 22-27(6) |
|
| 520 | _aWith Eurostar moving to St Pancras, this article looks at the impact on regional development across southeast England, and in particular in Ebbsfleet. Outlines development plans for Ebbfleet station, Ebbsfleet Valley, and Eastern Quarry. Also looks at development plans in Stratford, and the new St Pancras station. | ||
| 590 | _aKA | ||
| 651 | 4 | _aSouth East (England) | |
| 690 | _aBUILT ENVIRONMENT-CONSTRUCTION DESIGN | ||
| 942 | _n0 | ||
| 999 |
_c79506 _d79506 |
||